How well do you know about South Korea? - Statistics

General Stats
  • This quiz has been taken 745 times
    532 since last reset
  • The average score is 7 of 14
Answer Stats
Question Answer % Correct
What is capital of South Korea? Seoul
99%
What is the most famous food in South Korea made with fermented cabbage? Kimchi
90%
What is the biggest island on the coast of South Korea? Jeju Island
85%
Which company is responsible for 20% of South Korea's economy? Samsung
84%
Which two companies are most famous for making automobiles in South Korea? Hyundai
78%
Kia
68%
What is the name of the border which separates North and South Korea? [Short form] DMZ
55%
Which sea is in the west side of Korea? Yellow Sea
54%
Which sea is in the east side of Korea? East Sea
47%
What is the de facto capital [Second Capital] of South Korea? Sejong
17%
Who was the first ever president of the Republic of Korea? Syngman Rhee
13%
Who was the most famous military commander [Admiral] of Korea? Yi Sun sin
12%
Who is the current president of the Republic of Korea? Moon Jae In
8%
Which country is known for being the biggest enemy against the Republic of Korea? North Korea [Democratic Peoples Republic of Korea]
1%
No matching quizzes found
Score Distribution
Percent of People with Each Score
Percentile by Number Answered
Your Score History
You have not taken this quiz since the last reset